| 000 | 01201ctm a22002891ia4500 | ||
|---|---|---|---|
| 003 | SA-RiAUC | ||
| 005 | 20260419121746.0 | ||
| 008 | 260416s2025 su f bm 000 0cara c | ||
| 040 |
_aSA-JeALM _bara _cSA-RiAUC _erda |
||
| 041 | 0 |
_aara _bara _beng |
|
| 050 | 4 | _bA47 2025 | |
| 082 | 0 | 4 |
_a234 _qSA-RiAUC |
| 090 |
_a234 _bع ب ا |
||
| 100 | 1 |
_aعبادي، عبدالله بن سعيد محمد عبادي اللحجي الحضرمي _eمؤلف. |
|
| 245 | 1 | 2 |
_aكتاب المرقاة إلى الرواية والرواة _cعبدالله بن سعيد بن محمد عبادي اللحجي الحضرمي |
| 246 | _aالمرقاة إلى الرواية والرواة | ||
| 264 | 0 |
_aالقاهرة : _bالمطبعة السلفية . _c1978 |
|
| 300 |
_a84 صفحة ؛ _c18 سم . |
||
| 336 |
_aنص _btxt _2rdacontent _3كتاب |
||
| 337 |
_aبدون وسيط _bn _2rdamedia |
||
| 500 | _aملاحظات من الشيخ رحمه الله في داخل الكتاب . | ||
| 650 | 7 |
_aالحديث _vتراجم _2aucsh |
|
| 650 | 7 |
_aالحديث _xرواية _2aucsh |
|
| 650 | 7 |
_aالحديث _xإسناد _2aucsh |
|
| 942 |
_2ddc _cBOOK _n0 |
||
| 949 |
_aSA-JeALM _d260416 _uosman123 _n1 |
||
| 999 |
_c14810 _d14810 |
||